000 00333pam a2200145 a 4500
020 _c
041 _h
100 _aNADA SALEH
_eAuthor
245 _aFRESH MOROCCAN
_cNADA SALEH
_hTextual Documents
260 _alondan
_bHamlyn Octopus Pub
300 _a256
653 _afood Producation
700 _eCo-Author
930 _a1784
999 _c229185
_d229185